000 01676nam a2200373Ia 4500
001 ebr10354009
003 CaPaEBR
006 m u
007 cr cn|||||||||
008 090722s2009 gau sb 001 0 eng d
010 _z 2009029913
020 _z9781589834187 (paper binding : alk. paper)
040 _aCaPaEBR
_cCaPaEBR
035 _a(OCoLC)587468715
050 1 4 _aB577.H42
_bE57 2009eb
100 1 _aRamelli, Ilaria,
_d1973-
245 1 0 _aHierocles the Stoic
_h[electronic resource] :
_bElements of ethics, fragments and excerpts /
_cby Ilaria Ramelli; translated by David Konstan.
246 3 0 _aElements of ethics
260 _aAtlanta :
_bSociety of Biblical Literature,
_cc2009.
300 _alxxxix, 179 p.
490 1 _aSociety of Biblical Literature writings from the Greco-Roman world ;
_v28
504 _aIncludes bibliographical references and index.
533 _aElectronic reproduction.
_bPalo Alto, Calif. :
_cebrary,
_d2011.
_nAvailable via World Wide Web.
_nAccess may be limited to ebrary affiliated libraries.
600 0 0 _aHierocles,
_cthe Stoic,
_d2nd cent.
_vTranslations into English.
650 0 _aEthics
_vEarly works to 1800.
650 0 _aStoics
_vEarly works to 1800.
655 7 _aElectronic books.
_2local
700 1 _aKonstan, David.
700 0 2 _aHierocles,
_cthe Stoic,
_d2nd cent.
_tElements of ethics.
_lEnglish.
700 0 2 _aHierocles,
_cthe Stoic,
_d2nd cent.
_tOn appropriate acts.
_lEnglish.
710 2 _aebrary, Inc.
830 0 _aWritings from the Greco-Roman world ;
_v28.
856 4 0 _uhttp://site.ebrary.com/lib/rucke/Doc?id=10354009
_zAn electronic book accessible through the World Wide Web; click to view
999 _c44374
_d44374